The Biggest Cities in Friuli-Venezia Giulia - Statistics

General Stats
  • This quiz has been taken 43 times
  • The average score is 12 of 22
Answer Stats
Inhabitants Province City % Correct
33,728 Gorizia Gorizia
100%
52,344 Pordenone Pordenone
100%
199,400 Trieste Trieste
100%
98,430 Udine Udine
100%
30,103 Gorizia Monfalcone
88%
12,839 Trieste Muggia
70%
15,906 Udine Codroipo
60%
10,772 Udine Cividale del Friuli
58%
20,047 Pordenone Sacile
58%
13,196 Udine Latisana
55%
13,666 Udine Cervignano del Friuli
48%
17,829 Pordenone Cordenons
48%
15,231 Pordenone San Vito al Tagliamento
48%
11,793 Pordenone Spilimbergo
48%
11,487 Pordenone Maniago
43%
10,520 Udine Gemona del Friuli
40%
15,750 Pordenone Azzano Decimo
35%
11,841 Gorizia Ronchi dei Legionari
35%
14,629 Udine Tavagnacco
35%
14,945 Pordenone Porcia
33%
11,837 Pordenone Fiume Veneto
30%
12,906 Pordenone Fontanafredda
15%
No matching quizzes found
Score Distribution
Percent of People with Each Score
Percentile by Number Answered
Your Score History
You have not taken this quiz